| 000 | 00877nam a22002657a 4500 | ||
|---|---|---|---|
| 001 | BR0804652 | ||
| 003 | BR-BrBNA | ||
| 005 | 20230928102634.0 | ||
| 007 | ta | ||
| 008 | 230509b bl.||||| |||| 00| 0 por d | ||
| 040 |
_aBR-BrBNA _bpor _cBiblioteca Nacional de Agricultura |
||
| 041 | _a(Por) | ||
| 072 | _aU40 | ||
| 090 | _ U40 BR0804652 | ||
| 100 | 1 | _aAlbuquerque, P.C.G. de | |
| 100 | 1 | _aSantos, C.C. dos | |
| 100 | 1 | _aMedeiros, J.S. de | |
| 110 | 1 | _aInstituto Nacional de Pesquisas Espaciais, São José dos Campos, SP (Brasil) | |
| 245 | 1 |
_aAvaliação de mosaico com imagens Landsat TM para utilização em documentos cartográficos em escalas menores que 1/50.000 _bINPE-13038-RPQ/798 |
|
| 260 | 3 |
_aSão José dos Campos, SP (Brasil): _c2005. |
|
| 300 | _a1 CD-ROM | ||
| 650 | _aSENSORIAMENTO REMOTO | ||
| 909 |
_a202309 _bLucia _c55 _dLucia Elande |
||
| 942 | _cBK | ||
| 999 |
_c71796 _d71796 |
||